00880nam a22002897a 45000010005000000030006000050050017000110080041000280200018000690400029000870500014001160820011001301000017001412450036001582500046001942600038002403000044002784900022003225050008003445200100003525210020004525210020004726500022004926500024005146500022005387000030005605228FISKH20241120115138.0241120b cb ||||| |||| 00| 0 eng d a9780545109291 aFISKHbengcFISKHdFISKH aPZ7.D9117 a813.54 aDuncan, Lois aNews for Dogs /cby Lois Duncan aThis edition first printing, January 2010 aNew York : bScholastic ;c2009 . a217 pages : billustrations ;c20 cm .  aFor Dogs vBook 2 aU  aAndi, Bruce, and their canine companions take on a brand-new adventure - a newspaper for dogs!.8 a820 bLexile 8 aU bRaz_Plus  aanimals vfiction aadventure vfiction amystery vfiction aHall, Timebook designer